LEADER 01154nam0 22002891i 450 001 UON00301101 005 20231205104004.824 100 $a20070926d1956 |0itac50 ba 101 $ager 102 $aDE 105 $a|||| 1|||| 200 1 $aNeues Wilhelm Busch Album$eSammlung lustiger Bildergeschichten mit 1500 Bildern$eHeiteres und Ernstes aus seiner Lebenswerkstatt$f[Wilhelm Busch] 205 $a530. bis 543. Tsd 210 $aFreiburg$cKlemm ; Gütersloh$cBertelsmann$d1956 215 $a415 p.$cill.$d30 cm. 620 $aDE$dGütersloh$3UONL001433 620 $dFreiburg$3UONL002060 676 $a837$cLetteratura tedesca. Satira e umorismo.$v21 700 1$aBUSCH$bWilhelm$3UONV117372$083698 712 $aBertelsmann$3UONV266518$4650 712 $aKlemm$3UONV273767$4650 801 $aIT$bSOL$c20240220$gRICA 899 $aSIBA - SISTEMA BIBLIOTECARIO DI ATENEO$2UONSI 912 $aUON00301101 950 $aSIBA - SISTEMA BIBLIOTECARIO DI ATENEO$dSI TED 23 I BUS 05 $eSI LO 70949 5 05 996 $aNeues Wilhelm Busch Album$91378759 997 $aUNIOR LEADER 00962nam0 22002651i 450 001 UON00055561 005 20231205102245.154 100 $a20020107d1931 |0itac50 ba 101 $aeng 102 $aUS 105 $a|||| 1|||| 200 1 $aˆThe ‰Development of Japan$fKenneth Scott Latourette 205 $aTerza Edizione 210 $aNew York$cThe Macmillan Company$d1931 215 $aXIII, 258 p.$d24 cm 620 $aUS$dNew York$3UONL000050 686 $aGIA IV$cGIAPPONE - STORIA$2A 700 1$aLATOURETTE$bKenneth Scott$3UONV035329$0181295 712 $aMacmillan & Co.$3UONV247335$4650 801 $aIT$bSOL$c20240220$gRICA 899 $aSIBA - SISTEMA BIBLIOTECARIO DI ATENEO$2UONSI 912 $aUON00055561 950 $aSIBA - SISTEMA BIBLIOTECARIO DI ATENEO$dSI GIA IV 050 $eSI YAM548 5 050 996 $aDevelopment of Japan$91148174 997 $aUNIOR